NBA Nicknames IV - Statistics

General Stats
  • This quiz has been taken 31 times
  • The average score is 8 of 15
Answer Stats
Hint Answer % Correct
KAT/ The Big Purr Karl-Anthony Towns
97%
Point God / CP3 Chris Paul
93%
Iggy Andre Iguodala
83%
DLo D'Angelo Russell
83%
Lemon Pepper Lou Lou Williams
79%
Iso Joe Joe Johnson
66%
Scary Terry Terry Rozier
66%
Swipa De'Aaron Fox
59%
Vooch Nikola Vucevic
55%
Zo Lonzo Ball
52%
Buckets Jimmy Butler
41%
Shake Malik Milton
34%
The Dragon Goran Dragic
17%
Deebo DeMar DeRozan
10%
Mook Marcus Morris
7%
No matching quizzes found
Score Distribution
Percent of People with Each Score
Percentile by Number Answered
Your Score History
You have not taken this quiz